000
00234nam a2200097Ia 4500
001
643333
005
20250826153544.0
008
250824s9999 xx 000 0 und d
245
0
_a
BİLGİN KİVİ
_c
ROBERT ALLEN
260
_b
GENÇ TİMAŞ
999
_c
643333
_d
643333